Dal tribale al globale: introduzione all'antropologia (Record n. 88376)

Dettagli MARC
000 -LEADER
fixed length control field 02006nam a2200313Ia 4500
001 - CONTROL NUMBER
control field H2047
003 - CONTROL NUMBER IDENTIFIER
control field IT-RoPAU
008 - FIXED-LENGTH DATA ELEMENTS--GENERAL INFORMATION
fixed length control field 130308s9999 xx 000 0 und d
040 ## - CATALOGING SOURCE
Original cataloging agency IT-RoPAU
040 ## - CATALOGING SOURCE
Transcribing agency IT-RoPAU
041 ## - LANGUAGE CODE
Language code of text/sound track or separate title ITALIANO
100 ## - MAIN ENTRY--PERSONAL NAME
Personal name Fabietti Ugo
100 ## - MAIN ENTRY--PERSONAL NAME
Miscellaneous information Codice Aut. SPICS: 37185
245 ## - TITLE STATEMENT
Title Dal tribale al globale: introduzione all'antropologia
245 ## - TITLE STATEMENT
Remainder of title Dal tribale al Globale: Introduzione All'Antropologia
250 ## - EDITION STATEMENT
Edition statement 1a ed.
260 ## - PUBLICATION, DISTRIBUTION, ETC. (IMPRINT)
Place of publication, distribution, etc. MILANO
260 ## - PUBLICATION, DISTRIBUTION, ETC. (IMPRINT)
Name of publisher, distributor, etc. Mondadori Bruno
260 ## - PUBLICATION, DISTRIBUTION, ETC. (IMPRINT)
Date of publication, distribution, etc. 2002 [1° Ed.:2002 - Ed.Ling.Originale:2002]
300 ## - PHYSICAL DESCRIPTION
Extent "158 p. (prefazione: no ; testo: 158 [pagine: 0-0])"
500 ## - GENERAL NOTE
General note "L'Antropologia è Uno Strumento Indispensabile per comprendere Il Mondo Attuale. E' un Sapere in grado di produrre un Discorso Proprio, Epistemologicamente Autonomo, con le problematiche Specifiche che le Derivano Dalla Sua Storia di contatto con mondi Tribali e dal suo Apparato Concettuale. E' Nata da un contatto con Realtà Diverse, locali e Culturalmente Lontane. E' Ingrado di Leggere memorie e Identità che Sono Tipiche del Mondo Globale. parte Prima Redatta da Vincenzo Matera: Il Sapere della Differenza: Confini Disciplinari; Studio di Oggetti e Teorie; Oltre I Confini Disciplinari. parte seconda Redatta da Roberto Malighetti: Il Lavoro Etnografico: la Cospirazione del Silenzio; la Magia Etnografica di Malinowski; la negoziazione Deisignificati: Campo e testo . parte Terza Redatta da Ugo Fabietti: Il Traffico delle Culture: L'Antropologia nel Mondo Attuale; nell'Ecumene Globale; Nuovi Paesaggi; Processi Mimetici nel Traffico delle Culture; nuove Identità e nuove Opposizioni nella Modernizzazione; Elaborazione Culturale della Marginalità e Dello Sfruttamento. Bibliografia Generale."
650 ## - SUBJECT ADDED ENTRY--TOPICAL TERM
Topical term or geographic name as entry element ANTROPOLOGIA
650 ## - SUBJECT ADDED ENTRY--TOPICAL TERM
Relator term Codice materia Spics: 3501
700 ## - ADDED ENTRY--PERSONAL NAME
Personal name Malighetti RobertoMatera Vincenzo
700 ## - ADDED ENTRY--PERSONAL NAME
Miscellaneous information Codice Aut. SPICS: 56877Codice Aut. SPICS: 44021
942 ## - ADDED ENTRY ELEMENTS (KOHA)
Koha item type LIBRO
957 ## -
-- 1
999 ## - SYSTEM CONTROL NUMBERS (KOHA)
-- 1
Dati di copia
Withdrawn status Lost status Damaged status Not for loan Home library Current library Date acquired Total Checkouts Full call number Date last seen Price effective from Koha item type Public note
    Buone Condizioni Not For Loan SPICS-MEDIATECA SPICS-MEDIATECA 08/03/2013   H2047 08/03/2013 08/03/2013 LIBRO Progressivo inserimento: 7492 / N. Volumi: 1 Copie: 1 / data import: 1 marzo 2013 - By Epidotti, Trombetti, Vaglietti.
CREDITS: SOCIETA' SAN PAOLO Via A.Severo, 58 - ROMA (RM) & PERIODICI SAN PAOLO SRL Via Giotto, 36 MILANO & CISF Via Giotto, 36 MILANO & EDIZIONI SAN PAOLO SRL,  Piazza Soncino, 5 CINISELLO BALSAMO (MI) -- ITALY